[Event "aut_ychb12 St. Georgen"]
[Site "?"]
[Date "2007.??.??"]
[Round "1.2"]
[White "Gmasz, Patrick"]
[Black "Pilsan, Aaron"]
[Result "1/2-1/2"]
[WhiteElo "1454"]
[BlackElo "1638"]
[PlyCount "72"]
[EventDate "2007.05.26"]

1. e4 e5 2. Nf3 Nf6 3. Nc3 Nc6 4. Bc4 Nxe4 5. Nxe4 d5 6. Bxd5 Qxd5 7. Nc3 Qd8
8. O-O Bg4 9. h3 Bh5 10. Re1 Bd6 11. b3 Qd7 12. Bb2 Qe6 13. d3 O-O-O 14. Ne4 f5
15. Nxd6+ cxd6 16. Qe2 Bg6 17. Nd4 Nxd4 18. Bxd4 Kb8 19. Rad1 Rc8 20. c4 Qf7
21. Bb2 Rhe8 22. Qd2 Rc6 23. d4 e4 24. d5 Rc7 25. Qc3 Rce7 26. Ba3 Rd8 27. f3
b6 28. Rd2 Kc7 29. Rde2 h6 30. Rf2 exf3 31. Rxe7+ Qxe7 32. Rxf3 Re8 33. Rf1
Qe3+ 34. Qxe3 Rxe3 35. Kf2 Re7 36. Re1 Rf7 1/2-1/2

[Event "aut_ychb12 St. Georgen"]
[Site "?"]
[Date "2007.??.??"]
[Round "1.3"]
[White "Binder, Moriz"]
[Black "Stampfer, Paul"]
[Result "1/2-1/2"]
[WhiteElo "1626"]
[BlackElo "1453"]
[PlyCount "38"]
[EventDate "2007.05.26"]

1. d4 d5 2. c4 dxc4 3. Nc3 e6 4. e4 Nf6 5. Bxc4 Bb4 6. Bg5 h6 7. Bxf6 Qxf6 8.
Qa4+ Nc6 9. Nge2 Bd7 10. d5 exd5 11. exd5 Bxc3+ 12. Nxc3 Nd4 13. Qd1 O-O 14.
O-O c5 15. dxc6 Bxc6 16. Qg4 Rfe8 17. Rad1 Rad8 18. Rd3 Re5 19. h4 h5 1/2-1/2

[Event "aut_ychb12 St. Georgen"]
[Site "?"]
[Date "2007.??.??"]
[Round "1.4"]
[White "Stelzeneder, Jonas"]
[Black "Ly, Daniel"]
[Result "0-1"]
[WhiteElo "1431"]
[BlackElo "1618"]
[PlyCount "102"]
[EventDate "2007.05.26"]

1. e4 e5 2. Nf3 Nc6 3. Bc4 Bc5 4. c3 Nf6 5. d4 exd4 6. cxd4 Bb4+ 7. Nc3 d5 8.
exd5 Nxd5 9. Qe2+ Be6 10. Bd2 O-O 11. O-O Re8 12. Qd3 Bxc3 13. bxc3 h6 14. Rfe1
Qf6 15. Ne5 Bf5 16. Qf3 Nxe5 17. Rxe5 Ne7 18. Qxb7 Ng6 19. Rxe8+ Rxe8 20. Qxc7
Rc8 21. Bxf7+ Qxf7 22. Qg3 Re8 23. Qf3 Re4 24. h3 Qe6 25. Kf1 Nh4 26. Qg3 Qg6
27. Qxg6 Nxg6 28. Be3 Re7 29. Rc1 Rc7 30. c4 Bd3+ 31. Kg1 Rxc4 32. Rxc4 Bxc4
33. a3 a6 34. g3 Ne7 35. f4 Kf7 36. Kf2 Nd5 37. h4 h5 38. Bd2 Kf6 39. Kf3 Kf5
40. Bc1 Bb3 41. Bb2 Bd1+ 42. Kf2 Ke4 43. Bc1 g6 44. Ke1 Bg4 45. f5 gxf5 46. Kf2
Kxd4 47. Kg2 Ke4 48. Kf2 f4 49. gxf4 Nxf4 50. Bb2 Nd3+ 51. Kg3 Nxb2 0-1

[Event "aut_ychb12 St. Georgen"]
[Site "?"]
[Date "2007.??.??"]
[Round "1.5"]
[White "Menezes, Christoph"]
[Black "Penz, Florian"]
[Result "1-0"]
[WhiteElo "1615"]
[BlackElo "1408"]
[PlyCount "117"]
[EventDate "2007.05.26"]

1. d4 d5 2. c4 e6 3. Nf3 Nf6 4. g3 Nbd7 5. Qc2 Be7 6. Bg2 O-O 7. O-O c5 8. e3
dxc4 9. Qxc4 Nb6 10. Qc2 cxd4 11. Nxd4 Nbd5 12. Rd1 Qc7 13. Qb3 Rd8 14. Bd2 Qb6
15. Qxb6 Nxb6 16. Nc3 e5 17. Nf3 Bg4 18. h3 Bxf3 19. Bxf3 Rab8 20. Be1 Rxd1 21.
Rxd1 Nc4 22. b3 Nd6 23. Nd5 Nxd5 24. Rxd5 f6 25. Bb4 Nf5 26. Bxe7 Nxe7 27. Rd7
Kf8 28. Rxb7 Rxb7 29. Bxb7 Ke8 30. Kf1 Kd8 31. Ke2 Kc7 32. Bg2 Kb6 33. Kd3 Kb5
34. Kc3 Kc5 35. Bf3 Nf5 36. Be4 g6 37. Bxf5 gxf5 38. f3 e4 39. f4 h5 40. h4 a6
41. a3 a5 42. b4+ axb4+ 43. axb4+ Kd5 44. Kb3 Kc6 45. Kc4 Kb6 46. b5 Kb7 47.
Kc5 Kc7 48. b6+ Kb8 49. Kc6 Kc8 50. b7+ Kb8 51. Kd6 Kxb7 52. Ke6 Kc8 53. Kxf6
Kd8 54. Kxf5 Ke7 55. Kxe4 Kf6 56. Kf3 Kf5 57. e4+ Kf6 58. g4 hxg4+ 59. Kxg4 1-0

[Event "aut_ychb12 St. Georgen"]
[Site "?"]
[Date "2007.??.??"]
[Round "1.6"]
[White "Ramsbacher, Stefan"]
[Black "Dalnodar, Bernhard"]
[Result "0-1"]
[WhiteElo "1392"]
[BlackElo "1586"]
[PlyCount "58"]
[EventDate "2007.05.26"]

1. e4 d5 2. exd5 Qxd5 3. Nc3 Qa5 4. d4 Nf6 5. Bd2 c6 6. Nf3 Bf5 7. Bc4 e6 8.
Ne4 Qc7 9. Nxf6+ gxf6 10. h3 Nd7 11. Nh4 Be4 12. c3 Nb6 13. Qb3 Nxc4 14. Qxc4
Rg8 15. Qf1 Be7 16. Nf3 Bxf3 17. gxf3 O-O-O 18. Rg1 e5 19. Be3 Qb6 20. Rb1 Qa5
21. Ra1 exd4 22. Bxd4 Rxg1 23. Qxg1 Rxd4 24. Qg8+ Rd8 25. Qxf7 Qe5+ 26. Kf1
Qb5+ 27. Kg2 Qxb2 28. Qe6+ Kb8 29. Qxe7 Rg8+ 0-1

[Event "aut_ychb12 St. Georgen"]
[Site "?"]
[Date "2007.??.??"]
[Round "1.7"]
[White "Knappitsch, Thomas"]
[Black "Stolzlechner, Andreas"]
[Result "1-0"]
[WhiteElo "1532"]
[BlackElo "1386"]
[PlyCount "57"]
[EventDate "2007.05.26"]

1. e4 d5 2. exd5 Qxd5 3. Nc3 Qa5 4. d4 Nf6 5. Bd2 c6 6. Nf3 Bf5 7. Bc4 e6 8.
Nd5 Qd8 9. Nxf6+ gxf6 10. c3 Bd6 11. Qe2 Qe7 12. Nh4 Bg6 13. Nxg6 hxg6 14. h3
Nd7 15. O-O O-O-O 16. Rfe1 Rde8 17. Qf3 Nb6 18. Bb3 Rh5 19. Re2 e5 20. Rae1 Rh4
21. dxe5 Bxe5 22. Bf4 Nd7 23. Bxe5 Nxe5 24. Qe3 Kb8 25. f4 Qc7 26. fxe5 Rxe5
27. Qg3 Rxe2 28. Qxc7+ Kxc7 29. Rxe2 1-0

[Event "aut_ychb12 St. Georgen"]
[Site "?"]
[Date "2007.??.??"]
[Round "1.8"]
[White "Pototschnig, Dominik"]
[Black "Sauer, Jakob"]
[Result "0-1"]
[WhiteElo "1338"]
[BlackElo "1523"]
[PlyCount "100"]
[EventDate "2007.05.26"]

1. e4 e6 2. d4 d5 3. exd5 exd5 4. Nc3 c6 5. a3 Bd6 6. Nf3 Ne7 7. Bd3 O-O 8. O-O
Bf5 9. Bg5 f6 10. Bh4 Bxd3 11. Qxd3 Ng6 12. Qf5 Qc7 13. g3 Qd7 14. Qxd7 Nxd7
15. Rfe1 Rfe8 16. b4 a6 17. Rab1 Kf7 18. Rxe8 Rxe8 19. Re1 Rxe1+ 20. Nxe1 Nxh4
21. gxh4 Bf4 22. Nf3 Nb6 23. Kg2 h5 24. Kf1 Ke6 25. h3 Kf5 26. Ke2 Bc1 27. Nb1
Nc4 28. c3 Bxa3 29. Nxa3 Nxa3 30. Nd2 Nb5 31. Kd3 Nd6 32. Nb3 b6 33. Ke3 Nc4+
34. Kd3 Kf4 35. Ke2 g5 36. hxg5 fxg5 37. Kf1 Kf3 38. Kg1 Nb2 39. Nc1 Nd1 40.
Nd3 Nxc3 41. Ne5+ Ke2 42. Nxc6 Ne4 43. Ne7 Nxf2 44. Kg2 Nd3 45. Nxd5 Nf4+ 46.
Nxf4+ gxf4 47. d5 f3+ 48. Kh2 f2 49. d6 f1=Q 50. d7 Kf3 0-1

[Event "aut_ychb12 St. Georgen"]
[Site "?"]
[Date "2007.??.??"]
[Round "1.9"]
[White "Halvax, Alexander"]
[Black "Lehner, Valentin"]
[Result "1-0"]
[WhiteElo "1513"]
[BlackElo "1334"]
[PlyCount "120"]
[EventDate "2007.05.26"]

1. e4 e5 2. Nf3 Nc6 3. d4 exd4 4. Nxd4 Nxd4 5. Qxd4 b6 6. Bf4 Nf6 7. e5 Ng4 8.
Qe4 Rb8 9. h4 Bc5 10. Bg3 Nh6 11. Bd3 Bb7 12. Qf4 Bxg2 13. Rh2 Bc6 14. Qg5 Qxg5
15. hxg5 Ng4 16. Rh4 Bd4 17. c3 Nxe5 18. Bxe5 Bxe5 19. Be4 h6 20. Bxc6 dxc6 21.
Re4 O-O 22. Rxe5 Rbe8 23. Rxe8 Rxe8+ 24. Kf1 hxg5 25. Nd2 f5 26. Nf3 g4 27. Nd4
f4 28. Nxc6 a5 29. Re1 Rf8 30. Re7 Rf7 31. Rxf7 Kxf7 32. Ne5+ Kf6 33. Nxg4+ Kf5
34. f3 c5 35. b3 b5 36. a3 g5 37. Nh6+ Kg6 38. Ng8 Kf7 39. Nh6+ Kg6 40. Ng4 Kf5
41. Nf2 c4 42. bxc4 bxc4 43. a4 g4 44. Nxg4 Ke6 45. Ke2 Kf5 46. Nf2 Ke5 47. Ne4
Kd5 48. Kf1 Ke5 49. Kg2 Ke6 50. Kh3 Kf5 51. Kh4 Ke6 52. Kg5 Ke5 53. Nd2 Kd5 54.
Kxf4 Kc5 55. Ke5 Kb6 56. f4 Kc7 57. Ke6 Kd8 58. Kf7 Kd7 59. f5 Kd8 60. f6 Kd7
1-0

[Event "aut_ychb12 St. Georgen"]
[Site "?"]
[Date "2007.??.??"]
[Round "1.10"]
[White "Negovanovic, Daniel"]
[Black "Huber, Martin Christian"]
[Result "0-1"]
[WhiteElo "1223"]
[BlackElo "1502"]
[PlyCount "74"]
[EventDate "2007.05.26"]

1. e4 e5 2. Nf3 Nc6 3. Bc4 Bc5 4. d3 Nf6 5. Nc3 h6 6. Bd2 d6 7. h3 Bd7 8. Na4
Bb6 9. Nxb6 axb6 10. Bc3 Qe7 11. Qe2 Na5 12. Bxa5 bxa5 13. a3 b5 14. Ba2 c5 15.
Nd2 b4 16. Bc4 O-O 17. O-O Nh7 18. g4 Qh4 19. Kg2 Rfe8 20. Qf3 Be6 21. Qg3 Qf6
22. Qf3 Qe7 23. Bxe6 Qxe6 24. Qg3 Nf8 25. f4 exf4 26. Qxf4 Ng6 27. Qf5 Nh4+ 28.
Kg3 Nxf5+ 29. Rxf5 g6 30. Rff1 Qe5+ 31. Kg2 Qxb2 32. Nc4 Qxc2+ 33. Rf2 Qxd3 34.
Nd2 c4 35. Rd1 c3 36. Rf3 Qc2 37. Rdf1 cxd2 0-1

[Event "aut_ychb12 St. Georgen"]
[Site "?"]
[Date "2007.??.??"]
[Round "2.1"]
[White "Sauer, Jakob"]
[Black "Kessler, Luca"]
[Result "0-1"]
[WhiteElo "1523"]
[BlackElo "1716"]
[PlyCount "92"]
[EventDate "2007.05.26"]

1. e4 c5 2. c3 d5 3. exd5 Qxd5 4. d4 Nc6 5. Be3 cxd4 6. cxd4 e6 7. Nc3 Qa5 8.
Bd3 Bb4 9. Nge2 Nf6 10. a3 Bxc3+ 11. Nxc3 Nd5 12. Qd2 Nxe3 13. fxe3 Qg5 14.
O-O-O O-O 15. h4 Qh6 16. g4 e5 17. g5 Qd6 18. d5 Na5 19. Qc2 g6 20. Ne4 Qb6 21.
Nf6+ Kg7 22. Qf2 h5 23. gxh6+ Kxh6 24. h5 g5 25. Ne4 Bg4 26. Rdg1 f5 27. Ng3 e4
28. Be2 Nb3+ 29. Kb1 Nd2+ 30. Ka1 Nf3 31. Bxf3 Bxf3 32. Rh2 Qc5 33. Ne2 Qxd5
34. Nc3 Qe5 35. Qg3 Qxg3 36. Rxg3 Rad8 37. Rg1 g4 38. Rg3 Rd3 39. Ne2 Rxe3 40.
Nf4 Re1+ 41. Ka2 e3 42. Rc2 e2 43. Kb3 Re8 44. Rc7 Rd1 45. Nxe2 Rxe2 46. Rf7
Bd5+ 0-1

[Event "aut_ychb12 St. Georgen"]
[Site "?"]
[Date "2007.??.??"]
[Round "2.2"]
[White "Ly, Daniel"]
[Black "Knappitsch, Thomas"]
[Result "1/2-1/2"]
[WhiteElo "1618"]
[BlackElo "1532"]
[PlyCount "55"]
[EventDate "2007.05.26"]

1. e4 e5 2. Nf3 Nc6 3. Bc4 Nf6 4. Ng5 d5 5. exd5 Na5 6. Bb5+ c6 7. dxc6 bxc6 8.
Ba4 h6 9. Nf3 e4 10. Ne5 Qd4 11. Bxc6+ Nxc6 12. Nxc6 Qc5 13. Nxa7 Rxa7 14. d3
Rd7 15. Qe2 Re7 16. Be3 Qa5+ 17. Nc3 Nd5 18. Qd2 Nxe3 19. fxe3 exd3 20. cxd3
Qe5 21. O-O Qxe3+ 22. Qxe3 Rxe3 23. Rfe1 Bc5 24. Rxe3+ Bxe3+ 25. Kf1 O-O 26.
Rd1 Rd8 27. h3 Bd4 28. Ke2 1/2-1/2

[Event "aut_ychb12 St. Georgen"]
[Site "?"]
[Date "2007.??.??"]
[Round "2.3"]
[White "Huber, Martin Christian"]
[Black "Menezes, Christoph"]
[Result "1-0"]
[WhiteElo "1502"]
[BlackElo "1615"]
[PlyCount "49"]
[EventDate "2007.05.26"]

1. d4 Nf6 2. c4 e6 3. Nc3 Bb4 4. Qc2 O-O 5. e4 d5 6. e5 Ne8 7. Nf3 c5 8. Be3
Qa5 9. a3 Bxc3+ 10. bxc3 cxd4 11. Bxd4 Nc6 12. Bd3 g6 13. O-O Ng7 14. Qc1 Nxd4
15. cxd4 dxc4 16. Qh6 cxd3 17. Ng5 Rd8 18. Qxh7+ Kf8 19. Qh8+ Ke7 20. Qxg7 Rf8
21. Qf6+ Ke8 22. Ne4 Qd5 23. Qh4 Qd8 24. Nf6+ Ke7 25. Nh7+ 1-0

[Event "aut_ychb12 St. Georgen"]
[Site "?"]
[Date "2007.??.??"]
[Round "2.4"]
[White "Dalnodar, Bernhard"]
[Black "Halvax, Alexander"]
[Result "1-0"]
[WhiteElo "1586"]
[BlackElo "1513"]
[PlyCount "47"]
[EventDate "2007.05.26"]

1. d4 Nf6 2. Nf3 g6 3. c4 Bg7 4. Nc3 O-O 5. e4 d6 6. Be2 Bg4 7. h3 Bxf3 8. Bxf3
Nfd7 9. O-O c5 10. d5 Ne5 11. Be2 Qa5 12. Qb3 b6 13. Bd2 Qa6 14. f4 Ned7 15.
Nb5 Qb7 16. Bc3 Bxc3 17. Qxc3 a6 18. Na3 Nf6 19. e5 dxe5 20. fxe5 Nfd7 21. Bf3
Ra7 22. e6 Nf6 23. d6 Qc8 24. dxe7 1-0

[Event "aut_ychb12 St. Georgen"]
[Site "?"]
[Date "2007.??.??"]
[Round "2.5"]
[White "Pilsan, Aaron"]
[Black "Binder, Moriz"]
[Result "1/2-1/2"]
[WhiteElo "1638"]
[BlackElo "1626"]
[PlyCount "60"]
[EventDate "2007.05.26"]

1. e4 e5 2. Nf3 Nf6 3. Nxe5 d6 4. Nf3 Nxe4 5. d3 Nf6 6. d4 d5 7. Bg5 Be7 8. c3
O-O 9. Nbd2 Re8 10. Be2 Bf5 11. Ne5 Nbd7 12. Ndf3 Nxe5 13. Nxe5 Nd7 14. Bxe7
Qxe7 15. f4 Nxe5 16. fxe5 Qh4+ 17. g3 Qe4 18. O-O Bh3 19. Rf2 c6 20. Bd3 Qg4
21. Qxg4 Bxg4 22. Bf5 Bxf5 23. Rxf5 Re6 24. Raf1 Rf8 25. g4 g6 26. R5f4 h6 27.
h4 Kg7 28. Kg2 f6 29. g5 f5 30. Kg3 h5 1/2-1/2

[Event "aut_ychb12 St. Georgen"]
[Site "?"]
[Date "2007.??.??"]
[Round "2.6"]
[White "Stampfer, Paul"]
[Black "Gmasz, Patrick"]
[Result "1-0"]
[WhiteElo "1453"]
[BlackElo "1454"]
[PlyCount "86"]
[EventDate "2007.05.26"]

1. e4 e5 2. Nf3 Nc6 3. d4 exd4 4. Bc4 h6 5. Nxd4 Nge7 6. O-O d6 7. Nc3 Nxd4 8.
Qxd4 Nc6 9. Bb5 Bd7 10. Bxc6 Bxc6 11. Re1 Qe7 12. Bxh6 Rxh6 13. Nd5 Qd7 14. f4
b6 15. f5 O-O-O 16. a4 a5 17. b4 Bxd5 18. Qxd5 c6 19. Qd4 axb4 20. Qxb4 Qb7 21.
Reb1 Kc7 22. a5 Rb8 23. a6 Qa7 24. Qb3 Rf6 25. g4 b5+ 26. Kh1 g5 27. Qc3 Be7
28. Qa5+ Qb6 29. a7 Ra8 30. Qa3 Kb7 31. e5 Rh6 32. f6 Qf2 33. h3 Bf8 34. Qa6+
Kc7 35. Qa5+ Kd7 36. Qa3 dxe5 37. Rd1+ Ke6 38. Qb3+ Kxf6 39. Rf1 Qxf1+ 40.
Rxf1+ Ke7 41. Rxf7+ Ke8 42. Rb7 Bd6 43. Qf7+ Kd8 1-0

[Event "aut_ychb12 St. Georgen"]
[Site "?"]
[Date "2007.??.??"]
[Round "2.7"]
[White "Gassner, Mathias"]
[Black "Pototschnig, Dominik"]
[Result "1-0"]
[WhiteElo "1456"]
[BlackElo "1338"]
[PlyCount "97"]
[EventDate "2007.05.26"]

1. c4 e5 2. Nc3 Nc6 3. Nf3 Nf6 4. g3 d6 5. Bg2 Be6 6. d3 Be7 7. Bd2 Qd7 8. O-O
O-O 9. a3 Bh3 10. b4 Bxg2 11. Kxg2 Nd4 12. e3 Nxf3 13. Qxf3 c6 14. b5 Qg4 15.
Qxg4 Nxg4 16. h3 Nf6 17. Rfe1 c5 18. f4 b6 19. Ne2 e4 20. d4 a6 21. Nc3 a5 22.
g4 h6 23. g5 hxg5 24. fxg5 Nh7 25. Nxe4 Nxg5 26. Ng3 Rfe8 27. Re2 cxd4 28. exd4
Bf6 29. Rxe8+ Rxe8 30. Bxg5 Bxg5 31. Rf1 g6 32. Rf3 Bh4 33. Kf2 Re4 34. Rd3
Rf4+ 35. Kg2 Bxg3 36. Kxg3 g5 37. c5 Re4 38. cxb6 Re8 39. Rc3 Rb8 40. Rc6 d5
41. Kg4 f6 42. Rxf6 Rb7 43. Kxg5 a4 44. Kf5 Rd7 45. Ke6 Rb7 46. Kxd5 Kg7 47.
Rd6 Kf7 48. Kc6 Re7 49. b7 1-0

[Event "aut_ychb12 St. Georgen"]
[Site "?"]
[Date "2007.??.??"]
[Round "2.8"]
[White "Stolzlechner, Andreas"]
[Black "Stelzeneder, Jonas"]
[Result "0-1"]
[WhiteElo "1386"]
[BlackElo "1431"]
[PlyCount "62"]
[EventDate "2007.05.26"]

1. e4 c5 2. Nf3 d6 3. d4 cxd4 4. Nxd4 Nf6 5. Nc3 a6 6. Bc4 e6 7. O-O b5 8. Bd3
Be7 9. h3 O-O 10. Re1 Bb7 11. a3 Nbd7 12. Bd2 Nc5 13. Rc1 Rc8 14. Qe2 Ncd7 15.
Nd1 e5 16. Nf5 Nc5 17. Qf3 Nxd3 18. Qxd3 g6 19. Bh6 Re8 20. Ng7 Rf8 21. Nf5 Re8
22. Nc3 Kh8 23. Qg3 Rg8 24. Nh4 Nh5 25. Qf3 Bxh4 26. Qxf7 Qe7 27. Qb3 Bg5 28.
Bxg5 Qxg5 29. Nxb5 axb5 30. Qxb5 Bc6 31. Qb6 Nf4 0-1

[Event "aut_ychb12 St. Georgen"]
[Site "?"]
[Date "2007.??.??"]
[Round "2.9"]
[White "Penz, Florian"]
[Black "Negovanovic, Daniel"]
[Result "1/2-1/2"]
[WhiteElo "1408"]
[BlackElo "1223"]
[PlyCount "85"]
[EventDate "2007.05.26"]

1. d4 d5 2. e4 Nc6 3. e5 Bf5 4. c3 e6 5. Nf3 f6 6. exf6 Nxf6 7. Bg5 h6 8. Bf4
Bd6 9. Bxd6 Qxd6 10. Bd3 Bxd3 11. Qxd3 O-O-O 12. O-O e5 13. Qf5+ Nd7 14. dxe5
Ncxe5 15. Nxe5 Qxe5 16. Qxe5 Nxe5 17. Re1 Nc6 18. Na3 a6 19. Rad1 Rhe8 20. h3
Rxe1+ 21. Rxe1 b5 22. Rd1 Kb7 23. Kh2 Kb6 24. Kg3 b4 25. cxb4 Nxb4 26. Nc4+ Kc5
27. Na5 Kb6 28. Nc4+ Kb5 29. Ne3 d4 30. a3 Nc6 31. Nf5 Rd5 32. Nh4 Kc4 33. Rc1+
Kb5 34. f4 d3 35. Nf3 Kb6 36. Kf2 Na5 37. Ke3 c5 38. b4 cxb4 39. axb4 Nc6 40.
Ke4 Rd8 41. Rb1 Kb5 42. Ne1 Nxb4 43. Nxd3 1/2-1/2

[Event "aut_ychb12 St. Georgen"]
[Site "?"]
[Date "2007.??.??"]
[Round "2.10"]
[White "Lehner, Valentin"]
[Black "Ramsbacher, Stefan"]
[Result "1/2-1/2"]
[WhiteElo "1334"]
[BlackElo "1392"]
[PlyCount "71"]
[EventDate "2007.05.26"]

1. e4 d5 2. Nc3 dxe4 3. Nxe4 Bf5 4. Ng3 Bg6 5. Nf3 Nf6 6. Bc4 e6 7. d3 Nh5 8.
Nxh5 Bxh5 9. O-O Nc6 10. Bb5 Qd5 11. c4 Qd6 12. d4 O-O-O 13. Qa4 Bxf3 14. gxf3
a6 15. Bxc6 Qxc6 16. Qxc6 bxc6 17. Be3 f5 18. f4 g6 19. Rfd1 Bg7 20. Rd2 Rd7
21. Rad1 Rhd8 22. c5 h6 23. a3 Bf6 24. Kg2 g5 25. Kg3 Rg8 26. h3 Rd5 27. b4
gxf4+ 28. Kxf4 Bg5+ 29. Kf3 Rf8 30. Bxg5 hxg5 31. Ra1 Rd7 32. a4 g4+ 33. hxg4
fxg4+ 34. Kg3 e5 35. b5 a5 36. bxc6 1/2-1/2

[Event "aut_ychb12 St. Georgen"]
[Site "?"]
[Date "2007.??.??"]
[Round "3.1"]
[White "Kessler, Luca"]
[Black "Dalnodar, Bernhard"]
[Result "1/2-1/2"]
[WhiteElo "1716"]
[BlackElo "1586"]
[PlyCount "20"]
[EventDate "2007.05.26"]

1. d4 Nf6 2. Nf3 g6 3. c4 Bg7 4. Nc3 d6 5. g3 O-O 6. Bg2 Nbd7 7. O-O c5 8. e4
cxd4 9. Nxd4 Nc5 10. h3 Ne6 1/2-1/2

[Event "aut_ychb12 St. Georgen"]
[Site "?"]
[Date "2007.??.??"]
[Round "3.2"]
[White "Ly, Daniel"]
[Black "Huber, Martin Christian"]
[Result "0-1"]
[WhiteElo "1618"]
[BlackElo "1502"]
[PlyCount "110"]
[EventDate "2007.05.26"]

1. e4 e5 2. Nf3 Nc6 3. Bc4 Nf6 4. d3 d6 5. h3 Be7 6. Nc3 O-O 7. O-O Na5 8. Bb3
Nxb3 9. axb3 Be6 10. Be3 Re8 11. Re1 a6 12. d4 exd4 13. Nxd4 c5 14. Nf3 Qc7 15.
Qe2 Bf8 16. Bf4 Nd7 17. Rad1 Nb6 18. Rd2 Rad8 19. Qd1 Qc6 20. Bg3 Rd7 21. Kh1
Red8 22. Ree2 f6 23. Nd5 Bxd5 24. exd5 Qc7 25. Qe1 c4 26. Re3 g6 27. Rc3 Re7
28. Qf1 Bh6 29. Rd1 Bg7 30. bxc4 f5 31. Rb3 Rc8 32. Rb4 a5 33. Rb3 Nxc4 34. Nd4
Bxd4 35. Rxd4 Qc5 36. Qd3 Re1+ 37. Kh2 Ne5 38. Qd2 Qxc2 39. Qxe1 Qxb3 40. Qxa5
Qxb2 41. Rd2 Qc3 42. Qxc3 Rxc3 43. Bxe5 dxe5 44. d6 Rc8 45. Rb2 Rd8 46. Rxb7
Rxd6 47. Re7 e4 48. Kg1 Rf6 49. f3 exf3 50. gxf3 Rf7 51. Re5 Kg7 52. h4 Kh6 53.
Kg2 Kh5 54. Kg3 Rd7 55. Kh3 Rd4 0-1

[Event "aut_ychb12 St. Georgen"]
[Site "?"]
[Date "2007.??.??"]
[Round "3.3"]
[White "Knappitsch, Thomas"]
[Black "Stampfer, Paul"]
[Result "1-0"]
[WhiteElo "1532"]
[BlackElo "1453"]
[PlyCount "61"]
[EventDate "2007.05.26"]

1. e4 e5 2. Nf3 Nc6 3. d4 exd4 4. Nxd4 Bc5 5. Nxc6 bxc6 6. c3 d5 7. b4 Bb6 8.
exd5 Qxd5 9. Qe2+ Qe6 10. Bb2 f6 11. Qxe6+ Bxe6 12. Ba6 c5 13. a4 cxb4 14. cxb4
Rd8 15. O-O Bd4 16. Bb5+ Kf7 17. Bxd4 Rxd4 18. Rc1 Bf5 19. Rxc7+ Ne7 20. Bc4+
Kf8 21. Nc3 Nc8 22. Rd1 Rxd1+ 23. Nxd1 Nd6 24. Ne3 g6 25. Nxf5 gxf5 26. Bb3 Ke8
27. Rxa7 Kd8 28. Be6 Re8 29. Rd7+ Kc8 30. Rxd6+ Kc7 31. Ra6 1-0

[Event "aut_ychb12 St. Georgen"]
[Site "?"]
[Date "2007.??.??"]
[Round "3.4"]
[White "Halvax, Alexander"]
[Black "Pilsan, Aaron"]
[Result "0-1"]
[WhiteElo "1513"]
[BlackElo "1638"]
[PlyCount "136"]
[EventDate "2007.05.26"]

1. e4 e5 2. Nf3 Nc6 3. d4 exd4 4. Nxd4 Bc5 5. Be3 Qf6 6. Nxc6 Qxc6 7. Bxc5 Qxc5
8. Nc3 Nf6 9. Rc1 O-O 10. Bd3 d6 11. Nd5 Nxd5 12. exd5 Re8+ 13. Kf1 Re5 14. c4
Bd7 15. Qd2 Rae8 16. b4 Qb6 17. Ra1 a6 18. h3 g6 19. Kg1 R5e7 20. Kh2 Qd4 21.
Rhd1 Qf6 22. Re1 Kg7 23. Rxe7 Qxe7 24. Qc3+ Qe5+ 25. Qxe5+ Rxe5 26. Rd1 Kf6 27.
Rd2 Bf5 28. a3 Re1 29. g4 Be4 30. Be2 g5 31. f3 Bg6 32. Rb2 Ra1 33. Rb3 Ra2 34.
Re3 Bd3 35. Rxd3 Rxe2+ 36. Kg3 Ke5 37. Rc3 Kd4 38. Rc1 Re3 39. Kf2 Rxa3 40. Re1
Ra2+ 41. Kg3 Kxc4 42. Re7 Kxb4 43. Rxc7 b5 44. Rc6 a5 45. Rxd6 Rd2 46. Rd8 a4
47. d6 a3 48. d7 a2 49. Ra8 Rxd7 50. Rxa2 Kb3 51. Ra1 Rd2 52. h4 gxh4+ 53. Kxh4
b4 54. Re1 Kc2 55. Re4 b3 56. Rb4 b2 57. Rxb2+ Kxb2 58. Kg5 Rf2 59. f4 Kc3 60.
f5 Kd4 61. Kf6 Rf4 62. Kg5 Ke5 63. Kh5 Rxf5+ 64. gxf5 Kxf5 65. Kh4 Kf4 66. Kh3
f5 67. Kg2 Ke3 68. Kf1 Kf3 0-1

[Event "aut_ychb12 St. Georgen"]
[Site "?"]
[Date "2007.??.??"]
[Round "3.5"]
[White "Binder, Moriz"]
[Black "Sauer, Jakob"]
[Result "0-1"]
[WhiteElo "1626"]
[BlackElo "1523"]
[PlyCount "64"]
[EventDate "2007.05.26"]

1. d4 d5 2. c4 c6 3. Nf3 Nf6 4. Nc3 a6 5. e3 b5 6. cxd5 cxd5 7. Bd3 Bb7 8. O-O
e6 9. Bd2 Bd6 10. Qe2 Ne4 11. Bxe4 dxe4 12. Ne5 Nd7 13. Nxd7 Qxd7 14. Qg4 f5
15. Qd1 O-O 16. Rc1 Qe7 17. Ne2 Qh4 18. g3 Qh3 19. Qb3 Bd5 20. Qc2 Rf6 21. f4
exf3 22. Rf2 fxe2 23. Rxe2 Rg6 24. Be1 Qh4 25. Kf1 Qe4 26. Rf2 Qh1+ 27. Ke2 Qe4
28. Kd1 Qxc2+ 29. Rfxc2 Bf3+ 30. Kd2 Bb4+ 31. Kd3 Bxe1 32. Rxe1 Be4+ 0-1

[Event "aut_ychb12 St. Georgen"]
[Site "?"]
[Date "2007.??.??"]
[Round "3.6"]
[White "Menezes, Christoph"]
[Black "Gassner, Mathias"]
[Result "1-0"]
[WhiteElo "1615"]
[BlackElo "1456"]
[PlyCount "59"]
[EventDate "2007.05.26"]

1. d4 d5 2. c4 dxc4 3. Nf3 Nf6 4. e3 Nbd7 5. Bxc4 e6 6. O-O a6 7. Nc3 b5 8. Bd3
c5 9. Ne4 Bb7 10. Ng3 Be7 11. Qe2 Qb6 12. Rd1 Qc6 13. e4 O-O 14. Be3 Rfd8 15.
Rac1 Rac8 16. dxc5 Nxc5 17. b4 Qb6 18. bxc5 Bxc5 19. Bxc5 Rxc5 20. Rxc5 Qxc5
21. Bc2 Rc8 22. Rd2 g6 23. Bb3 a5 24. Rc2 Qb6 25. Rxc8+ Bxc8 26. e5 Nd7 27. Ne4
Kg7 28. Nd6 Ba6 29. Qd2 Qc7 30. Ne8+ 1-0

[Event "aut_ychb12 St. Georgen"]
[Site "?"]
[Date "2007.??.??"]
[Round "3.7"]
[White "Stelzeneder, Jonas"]
[Black "Gmasz, Patrick"]
[Result "1-0"]
[WhiteElo "1431"]
[BlackElo "1454"]
[PlyCount "61"]
[EventDate "2007.05.26"]

1. e4 e5 2. Nf3 Nc6 3. Bc4 Bc5 4. c3 Nf6 5. d4 exd4 6. cxd4 Bb4+ 7. Nc3 Nxe4 8.
O-O Bxc3 9. d5 Bf6 10. Re1 Ne7 11. Rxe4 d6 12. Qe1 Bf5 13. Rf4 O-O 14. Nh4 Bxh4
15. Rxh4 Re8 16. Qc3 Nxd5 17. Qg3 Nb6 18. Bg5 Qd7 19. Bd3 Bxd3 20. Qxd3 g6 21.
Bh6 Qe7 22. g3 c5 23. Rd1 Rad8 24. Qc3 Qe5 25. Qa3 a6 26. Qb3 Nc8 27. Qxb7 Qe2
28. Rc1 Qb5 29. Qf3 Qxb2 30. Ra4 Qb5 31. Qf6 1-0

[Event "aut_ychb12 St. Georgen"]
[Site "?"]
[Date "2007.??.??"]
[Round "3.8"]
[White "Ramsbacher, Stefan"]
[Black "Penz, Florian"]
[Result "1/2-1/2"]
[WhiteElo "1392"]
[BlackElo "1408"]
[PlyCount "40"]
[EventDate "2007.05.26"]

1. e4 c5 2. Nf3 Nc6 3. Bc4 d6 4. O-O Nf6 5. Nc3 Bd7 6. d3 e6 7. Be3 Be7 8. Re1
O-O 9. Qd2 a6 10. a4 Rb8 11. Rab1 Na5 12. h3 Nxc4 13. dxc4 Bc6 14. Qd3 d5 15.
cxd5 exd5 16. exd5 Nxd5 17. Nxd5 Qxd5 18. Qxd5 Bxd5 19. Ne5 Be6 20. Rbd1 Rfd8
1/2-1/2

[Event "aut_ychb12 St. Georgen"]
[Site "?"]
[Date "2007.??.??"]
[Round "3.9"]
[White "Negovanovic, Daniel"]
[Black "Lehner, Valentin"]
[Result "0-1"]
[WhiteElo "1223"]
[BlackElo "1334"]
[PlyCount "62"]
[EventDate "2007.05.26"]

1. e4 c5 2. Nc3 Nc6 3. Nf3 g6 4. d4 cxd4 5. Nxd4 Bg7 6. Nde2 Nf6 7. Ng3 O-O 8.
Be3 d6 9. Be2 Be6 10. Qd2 d5 11. exd5 Nxd5 12. O-O-O Nxc3 13. bxc3 Qxd2+ 14.
Bxd2 Bxa2 15. c4 Rab8 16. c3 Bb3 17. Rde1 Ne5 18. c5 b6 19. Be3 Rfc8 20. cxb6
axb6 21. f3 Rxc3+ 22. Kb2 Rxe3 23. Nf1 Nxf3+ 24. Kc1 Nxe1 25. Nxe3 Rc8+ 26. Kd2
Nc2 27. Rb1 Ba4 28. Nc4 Rd8+ 29. Kc1 Nd4 30. Bf1 Nc6 31. Nb2 Bh6# 0-1

[Event "aut_ychb12 St. Georgen"]
[Site "?"]
[Date "2007.??.??"]
[Round "3.10"]
[White "Pototschnig, Dominik"]
[Black "Stolzlechner, Andreas"]
[Result "0-1"]
[WhiteElo "1338"]
[BlackElo "1386"]
[PlyCount "74"]
[EventDate "2007.05.26"]

1. e4 g6 2. d4 Bg7 3. Nf3 d6 4. Nc3 Nf6 5. Bc4 O-O 6. O-O Bg4 7. h3 Bxf3 8.
Qxf3 c6 9. a4 a5 10. b3 Nbd7 11. Bb2 Nb6 12. d5 cxd5 13. Nxd5 Nfxd5 14. Bxg7
Kxg7 15. Bxd5 Nxd5 16. exd5 Rc8 17. c4 Qb6 18. Rfe1 Rc7 19. g4 Kg8 20. Qe3 Qxe3
21. Rxe3 f5 22. Rf3 Kg7 23. gxf5 Rxf5 24. Rxf5 gxf5 25. f4 Kf6 26. Kf2 Rc8 27.
Re1 Rg8 28. Rg1 Rxg1 29. Kxg1 h5 30. Kf2 h4 31. Ke3 e5 32. fxe5+ Kxe5 33. Kf3
b6 34. Ke3 f4+ 35. Kf2 Ke4 36. Ke2 f3+ 37. Kf2 Kf4 0-1